La última vez que vi París

Uloženo v:
Podrobná bibliografie
Hlavní autor: Paul, Elliot
Médium: Kniha
Jazyk:Undetermined
Vydáno: México, Distrito Federal Nuevo Mundo 1943
Témata:
Tagy: Přidat tag
Žádné tagy, Buďte první, kdo vytvoří štítek k tomuto záznamu!

MARC

LEADER 00000nam a2200000Ia 4500
008 170316s9999 xx 000 0 und d
040 |a cru BVZT 
090 |a 810 P-5u 
100 |a Paul, Elliot 
245 |a La última vez que vi París 
260 |a México, Distrito Federal 
260 |b Nuevo Mundo 
260 |c 1943 
300 |a 419 páginas 
650 |a LITERATURA ESTADOUNIDENSE 
999 |c 6066  |d 6066 
942 |c 15 D  |h 810 P-5u  |2 z